| 000 | 00347nam a2200145Ia 4500 | ||
|---|---|---|---|
| 008 | 230917s9999||||xx |||||||||||||| ||und|| | ||
| 040 |
_e40052 _aMAIN |
||
| 041 | _aEnglish | ||
| 082 | _a822.09 G487C | ||
| 100 | _aGlem, Stanley L | ||
| 245 | 0 | _aComplete actor | |
| 260 |
_aLondon _bAllyn and Bacon _c1977 |
||
| 300 | _axii, 339 p. | ||
| 942 | _cBK | ||
| 999 |
_c205408 _d205408 |
||